000 01235cam a22003494i 4500
003 PE-LiUPU
005 20250731184104.0
008 150623s r 000 0 d
035 _a(Sirsi) a27682
040 _aPE-LiUPU
_bspa
_cPE-LiUPU
_erda
082 0 4 _a808.8
_bP19
_221
100 1 _aPalazzi, F.,
_eautor.
245 1 0 _aIl libro dei mille savi /
_cF. Palazzi, S. Spaventa Filippi.
264 1 _aBrasilla :
_bUlrico Hoepli,
_c1927.
300 _a972 páginas ;
_c21 cm.
336 _atext
_2rdacontent
337 _aunmediated
_2rdamedia
338 _avolume
_2rdacarrier
505 0 _aIndice desde la A hasta l Z.
526 _aP145
526 _aP127
526 _aP97
526 _aP14
526 _aP07
650 0 4 _aCitas, Máximas, etc.
700 1 _aFilippi S. Spaventa.
942 _2ddc
_cBOOK
949 _a808.8 P19
_wDEWEY
_c1
_i54009
_lCCODEBUL1
_mBUL
_p15.00
_r0
_sY
_tBOOK
_u2015-06-24
_xBIBLIOTECA
_zUNKNOWN
_0COMPRA
_o.STAFF. Colección General
596 _a1
999 _a808.8 P19
_wDEWEY
_c34847
_i54009
_f2021-11-5
_g5
_lCCODEBUL1
_mBUL
_p15.00
_r0
_sY
_tBOOK
_u2015-6-24
_xBIBLIOTECA
_zUNKNOWN
_0COMPRA
_o.STAFF. Colección General
_d34847
980 _81
_gALBERTO SANCHEZ Responsable de Automatización